Quiz Cultura Generale - Quiz n°79 - Statistics

Statistiche generali
  • Questo quiz è stato fatto 228 volte
    156 dall'ultimo reset
  • Il punteggio medio è 10 su 15
Statistiche sulle risposte
Domanda Risposta % Corretto
Come si traduce il termine inglese "strawberry"? Fragola
100%
Quanti lati congruenti ha un triangolo isoscele? 2
98%
Qual è il secondo stato per superficie in America del Sud? Argentina
93%
Com'è la carica elettrica di un elettrone? Negativa
91%
In quale giorno dell'anno cade la festività dell'Epifania? 6 gennaio
89%
Chi ha scritto la poesia "L'infinito"? Giacomo Leopardi
86%
Quante zampe hanno in tutto 25 cani e 30 galline? 160
84%
Come si chiama il figlio di Mufasa nel film "Il re leone"? Simba
76%
In quale museo è conservato il dipinto "La primavera" di Botticelli? Gallerie degli Uffizi
69%
Chi canta "Il ragazzo della via Gluck"? Adriano Celentano
67%
Qual è la sigla dell'Istituto nazionale di statistica? ISTAT
47%
In quale stato asiatico l'Ayatollah ricopre un ruolo di Guida Suprema? Iran
44%
Qual è la terza persona plurale del futuro anteriore del verbo "credere"? Loro avranno creduto
43%
Qual è la scienza che si occupa del trattamento dell'informazione mediante procedure automatizzate? Informatica
28%
Chi fu Primo Ministro del Portogallo dal 1932 al 1968? António de Oliveira Salazar
12%
Nessun quiz corrispondente trovato
Distribuzione punteggi
Percentuale di utenti per punteggio
Percentile per numero di risposta
I tuoi punteggi nel tempo
Non hai fatto questo quiz dall'ultimo reset